| 000 | 01859nam a22002777a 4500 | ||
|---|---|---|---|
| 999 |
_c57100 _d57100 |
||
| 003 | Ge_BSU | ||
| 005 | 20191119114021.0 | ||
| 008 | 191119s2019 ge ||||| |||| 00| 0 geo d | ||
| 020 | _a9789941807749 | ||
| 041 | _ageo | ||
| 080 | _a725.1:623.1(479.22 ) ე-56 | ||
| 100 |
_aელიზბარაშვილი,ირინე. _95420 |
||
| 245 |
_aგამაგრებული ისტორიული დასახლებები საქართველოს ჩრდილოეთ მთიანეთში / _cირინე ლიზბარაშვილი ; მანანა სურამელაშვილი ; ციცინო ჩაჩხუნაშვილი ; რედ. დიმიტრი თუმანიშვილი ; მთარგმნ:.ნინო მატარაძე. |
||
| 264 |
_aთბილისი, _c2019. |
||
| 300 |
_a490 გვ .: _bილ; _c29 სმ. |
||
| 500 | _aსურათების წყაროები გვ:490 | ||
| 520 | _aრეზ.ინგლ.ენაზე | ||
| 653 | _aისტორია | ||
| 653 | _aარქიტექტურა | ||
| 700 |
_aსურამელაშვილი, მანანა _94761 |
||
| 700 |
_aჩაჩხუნაშვილი, ციცინო _94762 |
||
| 700 |
_aთუმანიშვილი, დიმიტრი _eრედაქტორი _94765 |
||
| 700 |
_aმატარაძე, ნინო _eმთარგმნელი _95421 |
||
| 710 |
_eგიორგი ჩუბინიშვილის სახელობის ქართული ხელოვნების ისტორიისა და ძეგლთა დაცვის ეროვნული კვლევითი ცენტრი _95422 |
||
| 942 |
_2udc _cBK |
||